Detalles MARC
| 000 -CABECERA |
| campo de control de longitud fija |
01074nam a22002537a 4500 |
| 003 - IDENTIFICADOR DEL NÚMERO DE CONTROL |
| campo de control |
BPGM |
| 008 - DATOS DE LONGITUD FIJA--INFORMACIÓN GENERAL |
| campo de control de longitud fija |
260514m mx ||||gr|||| 001 0 spa d |
| 020 ## - NÚMERO INTERNACIONAL ESTÁNDAR DEL LIBRO |
| Número Internacional Estándar del Libro |
968-16-0623-X |
| 040 ## - FUENTE DE LA CATALOGACIÓN |
| Lengua de catalogación |
spa |
| 041 ## - CÓDIGO DE LENGUA |
| Código de lengua del texto/banda sonora o título independiente |
SPA |
| Código de lengua original |
SPA |
| 082 04 - NÚMERO DE LA CLASIFICACIÓN DECIMAL DEWEY |
| Número de edición |
320.101 / H44 |
| Número de clasificación |
320.101 |
| Número de documento/Ítem |
H44 |
| 100 ## - ENTRADA PRINCIPAL--NOMBRE DE PERSONA |
| Nombre de persona |
HELLER, HERMANN |
| 245 ## - MENCIÓN DE TÍTULO |
| Título |
TEORÍA DEL ESTADO |
| 250 ## - MENCIÓN DE EDICIÓN |
| Mención de edición |
DECIMOQUINTA |
| 260 ## - PUBLICACIÓN, DISTRIBUCIÓN, ETC. |
| Lugar de publicación, distribución, etc. |
MÉXICO |
| Nombre del editor, distribuidor, etc. |
FONDO DE CULTURA ECONÓMICA |
| Fecha de publicación, distribución, etc. |
1995 |
| 300 ## - DESCRIPCIÓN FÍSICA |
| Extensión |
341 páginas ; |
| Dimensiones |
20.9 cm x 13.7 cm |
| 336 ## - TIPO DE CONTENIDO |
| Fuente |
rdacontent |
| Término de tipo de contenido |
texto |
| Código de tipo de contenido |
txt |
| 337 ## - TIPO DE MEDIO |
| Fuente |
rdamedia |
| Nombre/término del tipo de medio |
sin mediación |
| Código del tipo de medio |
n |
| 338 ## - TIPO DE SOPORTE |
| Fuente |
rdacarrier |
| Nombre/término del tipo de soporte |
volumen |
| Código del tipo de soporte |
nc |
| 505 ## - NOTA DE CONTENIDO CON FORMATO |
| Nota de contenido con formato |
LA AMARGURA QUE ME INVADE AL TENER QUE PROLOGAR, EN LUGAR DEL AUTOR, SU TEORÍA DEL ESTADO, QUEDA SUPERADA POR LA CONCIENCIA QUE TENGO DE QUE LA MUERTE FUE VNECIDA, PUES A LA GRAN DESTRUCTORA NO LE FUE DADO ESTORBAR LA FORMIDABLE LABOR DE AQUEL PODEROSO ESPÍRITU. HERMANN HELLER COMPUSO LA OBRA DE SU VIDA, LA TEORÍA DEL ESTADO, LUCHANDO CON COBRE HUMANA ENERGÍA CONTRA LA MUERTE. |
| 650 ## - PUNTO DE ACCESO ADICIONAL DE MATERIA--TÉRMINO DE MATERIA |
| Subdivisión de forma |
320 |
| Subdivisión general |
300 |
| Subdivisión cronológica |
20 |
| Subdivisión geográfica |
0 |
| 700 ## - PUNTO DE ACCESO ADICIONAL--NOMBRE DE PERSONA |
| Nombre de persona |
TOBIO, LUIS |
| Término indicativo de función/relación |
TRADUCTOR |
| 942 ## - ELEMENTOS DE PUNTO DE ACCESO ADICIONAL (KOHA) |
| Fuente del sistema de clasificación o colocación |
Dewey Decimal Classification |
| Tipo de ítem Koha |
Consulta Jóvenes y Adultos |